000 004380000a22001690004500
005 20120302065139.0
942 _cBOOK
100 _a Shree Bhanubhakta
301 _aAmatya, Shree Nandakumar
_bAmatya, Sushree Tapeshwari
245 _a (Nepali) Bhanubhakta Ramayan
250 _a 1st
260 _aLucknau:Bhuvan Vani Trust, 1976
300 _a344p..-ill
040 _aN&H
365 _b20/-
650 _aRamayan, Nepali, Nepaleese
999 _c364013
_d364010